000
00309nam a22001457a 4500
003
SGT
082
_a
KUN 530
100
_a
KUNJU A SALAHUDDIN
245
_a
GROUP THEORY AND IT'S APPLICATION
250
_a
2ND
260
_a
NEW DELHI
_b
PHI
_c
2015
300
_a
222
650
_a
PHYSICS
942
_2
ddc
_c
FPS
_0
2
999
_c
10091
_d
10091